EAP needs analysis for undergraduates at IIUM's Ahmad Ibrahim Kulliyah of Laws /
Saved in:
| Main Author: | |
|---|---|
| Format: | Thesis |
| Language: | English |
| Published: |
Gombak, Selangor :
Kulliyyah of Islamic Revealed Knowledge And Human Sciences International Islamic University Malaysia,
2005
|
| Subjects: | |
| Online Access: | Click here to view 1st 24 pages of the thesis. Members can view fulltext at the specified PCs in the library. |
| Tags: |
Add Tag
No Tags, Be the first to tag this record!
|
| LEADER | 027450000a22004690004500 | ||
|---|---|---|---|
| 001 | 337949 | ||
| 005 | 20230420115230.0 | ||
| 008 | 060208t2005 my g 000 0 eng d | ||
| 035 | |a (Sirsi) 337949 | ||
| 040 | |a UIAM |b eng | ||
| 043 | |a a-my--- | ||
| 050 | 0 | 0 | |a PE1065 |
| 100 | 0 | |a Nur Muhammad Insan bin Jalil |9 117273 | |
| 245 | 1 | 0 | |a EAP needs analysis for undergraduates at IIUM's Ahmad Ibrahim Kulliyah of Laws / |c by Nur Muhammad Insan bin Jalil |
| 260 | |a Gombak, Selangor : |b Kulliyyah of Islamic Revealed Knowledge And Human Sciences International Islamic University Malaysia, |c 2005 | ||
| 300 | |a x, 75 leaves. ; |c 30 cm. | ||
| 336 | |2 rdacontent | ||
| 337 | |2 rdamedia | ||
| 338 | |2 rdacarrier | ||
| 500 | |a "A thesis submitted as partial fulfilment of the requirement for the Degree of Master of Human Sciences in English as Second Language"--On t.p. | ||
| 500 | |a Abstracts in English and Arabic. | ||
| 502 | |a Thesis (M.HSc.ESL) -- International Islamic Universty Malaysia, 2005 | ||
| 504 | |a Includes bibliographical references (leaves 60-61). | ||
| 530 | |a Also available on 3 1/2 in. computer disk-converted into 4 3/4 in. computer optical disc. | ||
| 650 | 0 | |a English language |x Study and teaching (Higher) |z Malaysia |9 25610 | |
| 650 | 0 | |a English language |x Study and teaching (Higher) Foreign speakers |9 71481 | |
| 650 | 0 | |a English language |x Rhetoric Study and teaching |z Malaysia |9 113320 | |
| 650 | 0 | |a Academic writing |x Study and teaching |z Malaysia |9 117274 | |
| 650 | 0 | |a English language |x Ability testing |9 56105 | |
| 650 | 0 | |a College prose |x Evaluation |9 117275 | |
| 650 | 0 | |a College students |z Malaysia |9 113366 | |
| 655 | 0 | 7 | |a Theses, IIUM local |
| 690 | 0 | |a Dissertations, Academic |x Kulliyyah of Islamic Revealed Knowledge and Human Sciences |z IIUM | |
| 710 | 2 | |a International Islamic University Malaysia. |b Kulliyyah of Islamic Revealed Knowledge and Human Sciences | |
| 730 | 0 | |a EAP needs analysis for undergraduates at IIUM's Ahmad Ibrahim Kulliyah of Laws. (Computer file) |9 117276 | |
| 856 | 4 | |u http://studentrepo.iium.edu.my/handle/123456789/6396 |z Click here to view 1st 24 pages of the thesis. Members can view fulltext at the specified PCs in the library. | |
| 900 | |a cs-hj-fs-ajt-naw | ||
| 942 | |2 lcc |n 0 | ||
| 999 | |c 431763 |d 467024 | ||
| 952 | |0 0 |6 T PE 001065 N974E 2005 |7 0 |8 THESES |9 754348 |a IIUM |b IIUM |c MULTIMEDIA |g 0.00 |o t PE1065 N974E 2005 |p 00011274490 |r 2017-10-19 |t 2 |v 0.00 |y THESIS | ||
| 952 | |0 0 |6 LU T PE1065 N974E 2005 |7 0 |8 THESES |9 756473 |a IIUM |b IIUM |c CLOSEACCES |g 0.00 |o lu t PE1065 N974E 2005 |p 00000999271 |r 2017-10-25 |t 1 |v 0.00 |y THESIS | ||
| 952 | |0 0 |6 TS CDF PE1065N974E 2005 |7 0 |8 THESES |9 821898 |a IIUM |b IIUM |c MULTIMEDIA |g 0.00 |o ts cdf PE1065N974E 2005 |p 00001052242 |r 2017-10-26 |t 1 |v 0.00 |y THESISDIG | ||
